ورشة العمل الإقليمية حول تحسين كفاءة التجارة الزراعية العربية فى ظل قيام منطقة التجارة الحرة العربية الكبرى ومنظمة التجارة العالمية /

الكتاب عبارة عن ورشة عمل أرتأت المنظمة العربية للتنمية الزراعية ضمن خطة عملها أقامتها موضوعها تحسين كفاءة التجارة الزراعية العربية فى ظل قيام منطقة التجارة الحرة العربية الكبرى ومنظمة التجارة العالمية والتى تهدف إلى استعراض السياسات والإجراءات والنظم والتشريعات المتعلقة بالتجارة الخارجية العربية وبخ...

全面介绍

Saved in:
书目详细资料
企业作者: المنظمة العربية للتنمية الزراعية
格式: 图书
语言:阿拉伯语
出版: الدوحة : المنظمة العربية للتنمية الزراعية، 2005.
主题:
标签: 添加标签
没有标签, 成为第一个标记此记录!

MARC

LEADER 00000nam a22000007a 4500
003 INP
005 20180402112345.0
008 180115s2005 xxu | 000 0 ara d
952 |0 0  |1 0  |4 0  |6 380_100000000000000_و_ر  |7 0  |8 arabic_Boo  |9 3190  |a INP  |b INP  |c MAIN  |d 2018-04-02  |l 0  |o 380.1 و ر  |p 004452  |r 2022-03-28 00:00:00  |w 2018-04-02  |y BK  |0 0 
999 |c 909  |d 909 
017 |a 2006/296  |b قطر. دار الكتب القطرية 
040 |a EG-INP  |b ara  |c EG-INP 
082 0 4 |2 21  |a 380.1  |b و ر 
110 0 |a المنظمة العربية للتنمية الزراعية 
245 1 0 |a ورشة العمل الإقليمية حول تحسين كفاءة التجارة الزراعية العربية فى ظل قيام منطقة التجارة الحرة العربية الكبرى ومنظمة التجارة العالمية /   |c المنظمة العربية للتنمية الزراعية.  
260 |a الدوحة :   |b المنظمة العربية للتنمية الزراعية،   |c 2005.   |m   
300 |a 361 ص. ؛   |c 24 سم.   |b   
520 |a الكتاب عبارة عن ورشة عمل أرتأت المنظمة العربية للتنمية الزراعية ضمن خطة عملها أقامتها موضوعها تحسين كفاءة التجارة الزراعية العربية فى ظل قيام منطقة التجارة الحرة العربية الكبرى ومنظمة التجارة العالمية والتى تهدف إلى استعراض السياسات والإجراءات والنظم والتشريعات المتعلقة بالتجارة الخارجية العربية وبخاصة المنتجات الزراعيةوبحث آاليات التنسيق العربى فى مجال تسويق وتجارة المنتجات الزراعية بما يخدم رفع كفاءتها. 
650 7 |2 qrmak  |a السياسة التجارية 
650 7 |2 qrmak  |a الاستثمارات الخارجية 
650 7 |2 qrmak  |a التنمية الاقتصادية 
653 0 |a التجارة الزراعية 
901 |a EGPV 7 
902 |a EGPV4 
903 |a original 
942 |2 ddc  |c BK